Účtovná závierka obchodných spoločností v Slovenskej republike
Guardado en:
| Autor principal: | |
|---|---|
| Formato: | Libro |
| Lenguaje: | eslovaco |
| Publicado: |
Bratislava
IURA EDITION
2003
|
| Edición: | 3. preprac. vyd. |
| Colección: | Ekonómia
|
| Materias: | |
| Etiquetas: |
Sin Etiquetas, Sea el primero en etiquetar este registro!
|
MARC
| LEADER | 00000nam$a2200000$$$4500 | ||
|---|---|---|---|
| 001 | 0005327 | ||
| 005 | 20240318115358.2 | ||
| 020 | |a 80-89047-63-7 | ||
| 041 | 0 | |a slo | |
| 044 | |a SK | ||
| 245 | 1 | 0 | |a Účtovná závierka obchodných spoločností v Slovenskej republike |c Richard Farkaš |
| 250 | |a 3. preprac. vyd. | ||
| 264 | 1 | |a Bratislava |b IURA EDITION |c 2003 | |
| 300 | |a 151 s. | ||
| 490 | 1 | |a Ekonómia | |
| 830 | 0 | |a Ekonómia | |
| 610 | 2 | 0 | |a účtovníctvo |
| 610 | 2 | 0 | |a závierka účtovná |
| 610 | 2 | 0 | |a spoločnosti obchodné |
| 610 | 2 | 0 | |a predpisy právne |
| 610 | 2 | 0 | |a mena |
| 610 | 2 | 0 | |a súvaha |
| 610 | 2 | 0 | |a výkaz ziskov a strát |
| 610 | 2 | 0 | |a správy výročné |
| 610 | 2 | 0 | |a Slovensko |
| 100 | 1 | |a Farkaš, Richard | |